000 00213 a2200097 4500
001 11013
100 _aMuhammad Ismail Saddique
245 _aAina-e-Baluchistan
260 _a
_bWajid Alia
_c
090 _c8581
_d8581
942 _aNUST-CAE
_cM
_c35357
999 _c246086
_d246086